[Event "Druzynowe  Mistrzostwa Polski w Szachach - I liga"]
[Site "Poronin-Limba"]
[Date "1899-12-30"]
[Round "5.23"]
[White "Bardeli, Lukasz"]
[Black "Goluch, Piotr"]
[Result "0-1"]
[WhiteTitle "FM"]
[BlackTitle "FM"]
[WhiteElo "2188"]
[BlackElo "2275"]

1. Nf3 Nf6 2. c4 g6 3. Nc3 Bg7 4. g3 O-O 5. Bg2 d6 6. d4 Nbd7 7. O-O c6 8. Qc2
Qc7 9. Rd1 b5 10. cxb5 cxb5 11. Ne1 Rb8 12. Bf4 Bb7 13. d5 Rfc8 14. Rac1 b4 15.
Nb1 Qa5 16. Qb3 Rxc1 17. Bxc1 Nc5 18. Qc2 Qxa2 19. Be3 Rc8 20. Qd2 a5 21. Nd3
Nfe4 22. Qe1 Nxd3 23. exd3 Nf6 24. Nd2 Bxd5 25. Bh3 Be6 26. Ra1 Qd5 27. Bxe6 Qxe6
28. Rxa5 Ng4 29. Ne4 Nxe3 30. fxe3 Bxb2 31. Qxb4 Bc3 0-1

[Event "Druzynowe  Mistrzostwa Polski w Szachach - I liga"]
[Site "Poronin-Limba"]
[Date "1899-12-30"]
[Round "5.24"]
[White "Krupa, Monika"]
[Black "Szelag, Zuzanna"]
[Result "1-0"]
[WhiteTitle "WGM"]
[BlackTitle "I++"]
[WhiteElo "2230"]
[BlackElo "1835"]

1. e4 c5 2. Nf3 d6 3. Bb5+ Bd7 4. a4 a6 5. Bxd7+ Qxd7 6. O-O Nc6 7. d4 cxd4 8.
Nxd4 Nf6 9. Nc3 g6 10. Nd5 Nxd5 11. exd5 Ne5 12. h3 Qc7 13. b3 Bg7 14. c4 O-O
15. Bb2 Rac8 16. Qd2 Nd7 17. Rfe1 Rfe8 18. Re2 Bf6 19. Rae1 Qc5 20. Nf3 Qc7 21.
Bxf6 Nxf6 22. Nd4 Qd8 23. Qh6 Qd7 24. Re3 Kh8 25. Qg5 Rc7 26. f4 Kg7 27. Rxe7
h6 28. Qg3 Rxe7 29. Rxe7 Qxe7 30. Nf5+ Kh7 31. Nxe7 Rxe7 32. f5 Ne4 33. fxg6+
fxg6 34. Qf4 Kg7 35. c5 Rf7 36. Qxe4 1-0

[Event "Druzynowe  Mistrzostwa Polski w Szachach - I liga"]
[Site "Poronin-Limba"]
[Date "1899-12-30"]
[Round "5.25"]
[White "Butkiewicz, Lukasz"]
[Black "Tazbir, Marcin"]
[Result "1/2-1/2"]
[WhiteTitle "IM"]
[BlackTitle "GM"]
[WhiteElo "2462"]
[BlackElo "2519"]

1. e4 e5 2. Nf3 Nf6 3. Nc3 Nc6 4. d4 exd4 5. Nxd4 Bb4 6. Nxc6 bxc6 7. Bd3 O-O 8.
O-O d5 9. exd5 cxd5 10. h3 c6 11. Qf3 Re8 12. Bf4 Bb7 13. a3 Bd6 14. Rad1 Qc7
15. Bxd6 Qxd6 16. Ne2 Qe5 17. b4 a5 18. Nd4 axb4 19. axb4 Kf8 20. c3 Ra3 21. Rc1
g6 22. Rc2 Kg8 23. Qd1 Qf4 24. Qc1 Qxc1 25. Rfxc1 Kf8 26. Bf1 Ne4 27. c4 dxc4
28. Rxc4 Ra4 29. Nxc6 Nd2 30. R4c2 Nxf1 31. Kxf1 Bxc6 32. Rxc6 Rxb4 33. Rc8 1/2-1/2

[Event "Druzynowe  Mistrzostwa Polski w Szachach - I liga"]
[Site "Poronin-Limba"]
[Date "1899-12-30"]
[Round "5.26"]
[White "Cyborowski, Lukasz"]
[Black "Brodowski, Piotr"]
[Result "1-0"]
[WhiteTitle "GM"]
[BlackTitle "IM"]
[WhiteElo "2522"]
[BlackElo "2439"]

1. e4 g6 2. d4 Bg7 3. Nf3 d6 4. c3 Nf6 5. Bd3 O-O 6. O-O c6 7. Re1 Nbd7 8. Nbd2
b5 9. a4 bxa4 10. Qxa4 c5 11. e5 Nb6 12. Qa5 dxe5 13. dxc5 Nbd7 14. c6 Nb6 15.
Nxe5 Ng4 16. Ndf3 Be6 17. Ba6 Nxe5 18. Nxe5 Bd5 19. Nd7 e6 20. Nxf8 Bxf8 21. Bf4
Bxc6 22. Red1 Qh4 23. Qg5 Qxg5 24. Bxg5 Na4 25. Bb7 Bxb7 26. Rxa4 Bc6 27. Rad4
Kg7 28. Rd8 Bc5 29. Rxa8 Bxa8 30. Be3 Be7 31. Rd7 Kf8 32. Rxa7 Bd5 33. f3 Ke8
34. Kf2 h5 35. g3 g5 36. f4 gxf4 37. gxf4 h4 38. Bd4 Bd6 39. Ke3 h3 40. b4 Bb8
41. Ra4 Bc7 42. b5 1-0

[Event "Druzynowe  Mistrzostwa Polski w Szachach - I liga"]
[Site "Poronin-Limba"]
[Date "1899-12-30"]
[Round "5.27"]
[White "Luch, Michal"]
[Black "Nurkiewicz, Maciej"]
[Result "1-0"]
[WhiteTitle "IM"]
[BlackTitle "m"]
[WhiteElo "2383"]
[BlackElo "2365"]

1. d4 Nf6 2. c4 g6 3. g3 c6 4. Bg2 d5 5. Qa4 Bg7 6. Nf3 O-O 7. O-O Ne4 8. Nc3 Nxc3
9. bxc3 Nd7 10. cxd5 cxd5 11. Qb3 Nb6 12. a4 Qc7 13. Bf4 Qc6 14. Nd2 a5 15. Rfb1
Ra6 16. Bg5 f6 17. Bf4 Be6 18. Qa3 g5 19. Be3 Rc8 20. c4 Nxc4 21. Nxc4 Qxc4 22.
Qxe7 Qc7 23. Rxb7 Qxe7 24. Rxe7 Kf8 25. Rb7 Rc2 26. Rb5 Ke7 27. Bxd5 Bxd5 28.
Rxd5 Rxe2 29. Rb1 Ke6 30. Rd8 f5 31. Bxg5 Ra2 32. Rb7 Bf6 33. Bxf6 Kxf6 34. Rxh7
Kg6 35. Rdh8 f4 36. Rh6+ Kg7 37. Rxa6 f3 38. h4 Kxh8 39. Rxa5 1-0

[Event "Druzynowe  Mistrzostwa Polski w Szachach - I liga"]
[Site "Poronin-Limba"]
[Date "1899-12-30"]
[Round "5.28"]
[White "Bartel, Michal"]
[Black "Skawinski, Arkadiusz"]
[Result "0-1"]
[WhiteTitle "FM"]
[BlackTitle "FM"]
[WhiteElo "2337"]
[BlackElo "2391"]

1. e4 e6 2. d4 d5 3. Nc3 Bb4 4. e5 c5 5. a3 Bxc3+ 6. bxc3 Ne7 7. h4 Qa5 8. Bd2
Qa4 9. Qb1 c4 10. h5 h6 11. Nf3 Nbc6 12. g3 Bd7 13. Bh3 O-O-O 14. O-O Kb8 15.
Re1 Nc8 16. Nh4 Rdg8 17. Qc1 Nb6 18. Kh2 Qa5 19. g4 Na4 20. f4 Qd8 21. Ng2 g6
22. Rf1 gxh5 23. gxh5 Rg7 24. Qe1 Rhg8 25. Qe3 Ne7 26. Nh4 Nf5 27. Nxf5 exf5 28.
Rg1 Be6 29. Qf2 Rxg1 30. Rxg1 Rxg1 31. Kxg1 Qe7 32. Qg3 a6 33. Bc1 Ka7 34. Bf1
Qd8 35. Bd2 Qf8 36. Bc1 Qe7 37. Qe3 Qc7 38. Bd2 Qb6 39. Be1 Qd8 40. Bxc4 dxc4
41. d5+ Qb6 42. Qxb6+ Kxb6 43. dxe6 fxe6 44. Kg2 Kc6 45. Kf3 Nb6 46. Bh4 Nd5 47.
a4 Nxc3 48. Bg5 Nxa4 49. Bxh6 Kd7 50. Ke3 Ke8 51. Kd4 b5 52. Bg5 Kf7 53. Bf6 Kg8
54. Be7 Kg7 55. Bg5 Kh7 56. c3 Kg7 0-1

[Event "Druzynowe  Mistrzostwa Polski w Szachach - I liga"]
[Site "Poronin-Limba"]
[Date "1899-12-30"]
[Round "5.29"]
[White "Plichta, Kamil"]
[Black "Sliwerski, Radoslaw"]
[Result "1-0"]
[WhiteTitle "FM"]
[BlackTitle "k++"]
[WhiteElo "2363"]
[BlackElo "1969"]

1. Nf3 Nf6 2. g3 d5 3. Bg2 e6 4. O-O Be7 5. d3 c5 6. Nbd2 Nc6 7. e4 O-O 8. Re1
Qc7 9. e5 Nd7 10. Qe2 b5 11. Nf1 a5 12. Bf4 Ba6 13. Ne3 c4 14. Nxd5 exd5 15. e6
Qc8 16. Bh3 fxe6 17. Qxe6+ Kh8 18. Qxd7 Bf6 19. c3 cxd3 20. Qxc8 Bxc8 21. Bxc8
Raxc8 22. Rad1 d4 23. Rxd3 dxc3 24. bxc3 b4 25. cxb4 Nxb4 26. Rb3 Nxa2 27. Ra3
Nb4 28. Rxa5 Nd3 29. Re4 Bc3 30. Raa4 Nc5 31. Bd6 Nxe4 32. Bxf8 Nxf2 33. Bxg7+
Kxg7 34. Kxf2 Bf6 35. g4 h6 36. Ra7+ Kg6 37. h4 Bd8 38. h5+ Kf6 39. Ra6+ Kg7 40.
Nd4 Kh7 41. Kf3 Rc7 42. Ke4 Rg7 43. Kf3 Bg5 44. Ne6 Rf7+ 45. Ke4 Bh4 46. Rc6 Re7
47. Ke5 Rf7 48. Ke4 Re7 49. Rc7 Rxc7 50. Nxc7 Bg5 51. Kf5 Bc1 52. Kf6 Bf4 53.
Nd5 Bd2 54. Kf7 Bg5 55. Nf6+ Kh8 56. Kg6 Bc1 57. Ne4 Bf4 58. Nc5 Bc1 59. Ne6 1-0

[Event "Druzynowe  Mistrzostwa Polski w Szachach - I liga"]
[Site "Poronin-Limba"]
[Date "1899-12-30"]
[Round "5.30"]
[White "Kulon, Klaudia"]
[Black "Przezdziecka, Ewa"]
[Result "1-0"]
[WhiteTitle "WGM"]
[BlackTitle "WFM"]
[WhiteElo "2346"]
[BlackElo "2183"]

1. e4 c5 2. b3 Nc6 3. Bb2 d6 4. Bb5 Bd7 5. f4 a6 6. Bxc6 Bxc6 7. Nc3 e6 8. Nf3
Nf6 9. Qe2 Be7 10. O-O-O Qc7 11. d4 cxd4 12. Nxd4 O-O 13. f5 e5 14. Nxc6 Qxc6
15. g4 b5 16. g5 Nd7 17. f6 Bd8 18. Qh5 Re8 19. fxg7 Re6 20. Rhf1 Rg6 21. h4 Rxg7
22. Nd5 Rc8 23. Rd2 Nc5 24. Qe2 a5 25. Kb1 b4 26. Qf3 a4 27. h5 Qb7 28. Rg2 Bxg5
29. Qf5 h6 30. Rxg5 Rxg5 31. Nf6+ Kf8 32. Qh7 Ke7 33. Nd5+ Kf8 34. Qxh6+ Rg7 35.
Qxd6+ Kg8 36. Qxe5 Ne6 37. h6 1-0

[Event "Druzynowe  Mistrzostwa Polski w Szachach - I liga"]
[Site "Poronin-Limba"]
[Date "1899-12-30"]
[Round "6.1"]
[White "Rudolf, Michal"]
[Black "Tazbir, Marcin"]
[Result "1/2-1/2"]
[WhiteTitle "FM"]
[BlackTitle "GM"]
[WhiteElo "2360"]
[BlackElo "2519"]

1. e4 c5 2. Nf3 Nc6 3. Bb5 g6 4. O-O Bg7 5. Re1 Nf6 6. e5 Nd5 7. Nc3 Nc7 8. Bxc6
bxc6 9. Ne4 Ne6 10. d3 O-O 11. Be3 d6 12. exd6 exd6 13. c3 h6 14. Ned2 d5 15.
Nb3 d4 16. Bd2 Qd6 17. cxd4 cxd4 18. Rc1 Rb8 19. Qc2 c5 20. Nxc5 Nxc5 21. Qxc5
Qxc5 22. Rxc5 Rxb2 23. Ra5 Bf5 24. Bc1 Rc2 25. Rxa7 Bxd3 26. Rd7 Rfc8 27. Bf4
Bb5 28. Rd5 Bc4 29. Rxd4 Bxd4 30. Nxd4 Rxa2 31. Bxh6 Rca8 32. h3 Ra1 33. Rxa1
Rxa1+ 34. Kh2 Bd5 35. Be3 f6 36. h4 Kf7 37. Ne2 Be4 38. Nf4 Rd1 39. Ne2 Bb7 40.
Nf4 Rb1 41. Ne2 Rb4 42. Nf4 Be4 43. Kg3 Rc4 44. Kh2 Ke7 45. Kg3 Kd6 46. Ne2 Kd5
47. Nf4+ Ke5 48. Ne2 Bb7 49. f3 Bc8 50. Bf4+ Ke6 51. Be3 Ba6 52. Kh3 Ra4 53. Nf4+
Kf7 54. Kg3 Ra2 55. Kh2 Bb5 56. Kg1 Bc6 57. Bf2 Bb7 58. Be3 Bc8 59. Kh2 Bb7 60.
Kg3 Bc6 61. Bd4 Bd7 62. Be3 Bb5 63. Kh2 Ra3 64. Bd4 Bc6 65. Kg3 Ra2 66. Be3 Bd7
67. Bd4 Bf5 68. Be3 Bb1 69. Bd4 Rd2 70. Be3 Rd1 71. Bc5 Ke8 72. Bb4 Kd7 73. Bc3
Rd6 74. Bb4 Rd1 75. Bc3 Ke7 76. Bb4+ Kf7 77. Bc3 Bf5 78. Bb4 Bd7 79. Bc3 Be8 80.
Bb4 Rc1 81. Ba3 Rc2 82. Bb4 Bd7 83. Ba5 Bc6 84. Bb6 Be8 85. Bd4 Rc4 86. Bb2 Bd7
87. Ba3 Bf5 88. Bb2 Bc8 89. Ba3 g5 90. hxg5 fxg5 91. Nh3 g4 92. Ng5+ Kg6 93. Ne4
gxf3 94. gxf3 Rd4 95. Kf4 Bb7 96. Bb2 Rb4 97. Bc3 Ra4 98. Bb2 1/2-1/2

[Event "Druzynowe  Mistrzostwa Polski w Szachach - I liga"]
[Site "Poronin-Limba"]
[Date "1899-12-30"]
[Round "6.2"]
[White "Cyborowski, Lukasz"]
[Black "Warszawski, Bartosz"]
[Result "1/2-1/2"]
[WhiteTitle "GM"]
[BlackTitle "m"]
[WhiteElo "2522"]
[BlackElo "2202"]

1. c4 e6 2. Nf3 d5 3. d4 c5 4. e3 Nf6 5. Nc3 a6 6. a3 Nc6 7. dxc5 Bxc5 8. b4 Bd6
9. Bb2 dxc4 10. Bxc4 O-O 11. O-O b5 12. Bd3 Bb7 13. Ne4 Nxe4 14. Bxe4 Rc8 15.
Rc1 Qe7 16. Bb1 f5 17. Qb3 a5 18. Ba2 Rce8 19. bxa5 Nxa5 20. Qxb5 Bxf3 21. gxf3
Rb8 22. Qxa5 Rxb2 23. Bc4 Qg5+ 24. Kh1 Qh5 25. Bxe6+ Kh8 26. f4 Qf3+ 27. Kg1 Qg4+
28. Kh1 Qf3+ 29. Kg1 Qg4+ 30. Kh1 Qf3+ 1/2-1/2

[Event "Druzynowe  Mistrzostwa Polski w Szachach - I liga"]
[Site "Poronin-Limba"]
[Date "1899-12-30"]
[Round "6.3"]
[White "Chalupnik, Marcin"]
[Black "Nurkiewicz, Maciej"]
[Result "0-1"]
[WhiteTitle "k++"]
[BlackTitle "m"]
[WhiteElo "2176"]
[BlackElo "2365"]

1. e4 c6 2. c4 d5 3. cxd5 cxd5 4. exd5 Nf6 5. Nc3 Nxd5 6. d4 g6 7. Nf3 Bg7 8. Bc4
Nb6 9. Bb3 O-O 10. Be3 Nc6 11. h3 Na5 12. O-O Nxb3 13. axb3 Nd5 14. Bg5 Re8 15.
Re1 Be6 16. Ne4 h6 17. Bh4 b6 18. Qd2 a5 19. Rac1 Nb4 20. Rc3 Qd5 21. Ne5 Rad8
22. Nf3 Nc6 23. Rd3 Bf5 24. Qe3 g5 25. Bg3 e5 26. Nc3 Qxb3 27. Rd2 exd4 28. Qxe8+
Rxe8 29. Rxe8+ Kh7 30. Ne4 Bd7 31. Ra8 f5 32. Nd6 f4 33. Bh2 Qd5 34. Nc8 Ne5 35.
Nxb6 Nxf3+ 36. gxf3 Qb7 37. Rd8 Bc6 38. Nc4 Qe7 39. Rc8 Bxf3 40. Kf1 Qd7 0-1

[Event "Druzynowe  Mistrzostwa Polski w Szachach - I liga"]
[Site "Poronin-Limba"]
[Date "1899-12-30"]
[Round "6.4"]
[White "Bartel, Michal"]
[Black "Rams, Michal"]
[Result "1-0"]
[WhiteTitle "FM"]
[BlackTitle "k+"]
[WhiteElo "2337"]
[BlackElo "2183"]

1. g3 g6 2. Bg2 Bg7 3. e4 d6 4. d4 Nf6 5. Ne2 O-O 6. O-O e5 7. h3 Re8 8. Nbc3 a6
9. a4 Bd7 10. Be3 exd4 11. Nxd4 c5 12. Nb3 Bc6 13. Qd3 b5 14. axb5 axb5 15. Rxa8
Bxa8 16. Qxb5 Nxe4 17. Nxe4 Bxe4 18. Bxe4 Rxe4 19. Rd1 Qc7 20. Qd3 Qe7 21. Qxd6
Rxe3 22. Qxe7 Rxe7 23. Rd8+ Bf8 24. Rxb8 Kg7 25. Kf1 Rc7 26. c3 h5 27. Ke2 Be7
28. Ke3 f5 29. h4 g5 30. hxg5 Bxg5+ 31. Kf3 h4 32. gxh4 Bxh4 33. Rb5 Be7 34. Kf4
Kg6 35. Ke5 c4 36. Nd4 Bf6+ 37. Kd6 Rh7 38. Nxf5 Rh2 39. Ng3 1-0

[Event "Druzynowe  Mistrzostwa Polski w Szachach - I liga"]
[Site "Poronin-Limba"]
[Date "1899-12-30"]
[Round "6.5"]
[White "Kaim, Piotr"]
[Black "Sliwerski, Radoslaw"]
[Result "1-0"]
[WhiteTitle "m"]
[BlackTitle "k++"]
[WhiteElo "2138"]
[BlackElo "1969"]

1. e4 c5 2. Nf3 d6 3. c3 Nf6 4. Bd3 Nc6 5. Bc2 g6 6. O-O Bg7 7. Qe2 Bg4 8. h3 Bxf3
9. Qxf3 O-O 10. Rd1 d5 11. d3 d4 12. Ba4 dxc3 13. bxc3 Qc7 14. Bf4 e5 15. Bg5
Nd7 16. Nd2 a6 17. Bb3 Kh8 18. h4 h6 19. h5 f6 20. Bh4 f5 21. hxg6 fxe4 22. Qh3
e3 23. Ne4 exf2+ 24. Kh1 f1=Q+ 25. Rxf1 Rxf1+ 26. Rxf1 Rf8 27. Bf7 Nd8 28. Bg5
Nxf7 29. Rxf7 Rxf7 30. gxf7 Nf8 31. Bf6 Kh7 32. Qf5+ Kh8 33. Qh5 1-0

[Event "Druzynowe  Mistrzostwa Polski w Szachach - I liga"]
[Site "Poronin-Limba"]
[Date "1899-12-30"]
[Round "6.6"]
[White "Kulon, Klaudia"]
[Black "Bednarska-bzdega, Malgorzata"]
[Result "1-0"]
[WhiteTitle "WGM"]
[BlackTitle "WFM"]
[WhiteElo "2346"]
[BlackElo "2008"]

1. e4 c5 2. b3 Nc6 3. Bb2 Nf6 4. Nc3 e6 5. Bb5 Nd4 6. e5 Nd5 7. Nxd5 Nxb5 8. Ne3
d5 9. exd6 Qxd6 10. Nf3 Nd4 11. O-O Be7 12. Nc4 Qd5 13. Nxd4 cxd4 14. Qg4 Bf6
15. Ba3 Kd8 16. Nd6 e5 17. Qg3 Be6 18. c4 Qc6 19. f4 exf4 20. Qxf4 h5 21. Ne4
Be7 22. Bxe7+ Kxe7 23. Ng5 Rhf8 24. Rae1 Qd6 25. Qe4 Rad8 26. Qxb7+ Rd7 27. c5
Qd5 28. Qxd5 Rxd5 29. h4 Rxc5 30. Rxe6+ fxe6 31. Rxf8 Rxg5 32. hxg5 Kxf8 33. Kf2
Ke7 34. Kf3 e5 35. Ke4 Ke6 36. d3 Kd6 37. b4 a6 38. a4 h4 39. b5 axb5 40. axb5
1-0

[Event "Druzynowe  Mistrzostwa Polski w Szachach - I liga"]
[Site "Poronin-Limba"]
[Date "1899-12-30"]
[Round "6.7"]
[White "Cukrowski, Filip"]
[Black "Butkiewicz, Lukasz"]
[Result "1-0"]
[WhiteTitle "FM"]
[BlackTitle "IM"]
[WhiteElo "2414"]
[BlackElo "2462"]

1. e4 c5 2. Nf3 Nc6 3. d4 cxd4 4. Nxd4 g6 5. c4 Bg7 6. Nc2 e6 7. Be2 Nge7 8. Nc3
O-O 9. O-O f5 10. exf5 gxf5 11. Bf4 Ne5 12. Qd2 N7g6 13. Bg5 Bf6 14. Bxf6 Qxf6
15. f4 Nf7 16. Qd4 Qxd4+ 17. Nxd4 b6 18. Rad1 Bb7 19. Ndb5 Bc6 20. g3 Rfc8 21.
b3 Kg7 22. Nd4 Bb7 23. h4 Kf6 24. Kf2 Ne7 25. Rfe1 Rd8 26. Bh5 Nd6 27. Bf3 Bxf3
28. Nxf3 Nf7 29. Re2 Rac8 30. Ng5 h6 31. Nxf7 Kxf7 32. Nb5 d5 33. Rde1 a6 34.
Rxe6 axb5 35. Rxe7+ Kg6 36. h5+ Kxh5 37. Rg7 1-0

[Event "Druzynowe  Mistrzostwa Polski w Szachach - I liga"]
[Site "Poronin-Limba"]
[Date "1899-12-30"]
[Round "6.8"]
[White "Bronowicki, Mateusz"]
[Black "Sabuk, Piotr"]
[Result "1-0"]
[WhiteTitle "FM"]
[BlackTitle "IM"]
[WhiteElo "2277"]
[BlackElo "2376"]

1. d4 e6 2. c4 f5 3. Nf3 Nf6 4. a3 d5 5. Bf4 Be7 6. h3 O-O 7. e3 Nbd7 8. Qc2 c5
9. Nc3 dxc4 10. dxc5 b5 11. c6 Nc5 12. Nxb5 Qa5+ 13. Nc3 Ba6 14. Ne5 Nd5 15. Nxc4
Bxc4 16. Bxc4 Nxc3 17. b4 Qa4 18. Qxc3 Bf6 19. Be5 Ne4 20. Qb2 Qxc6 21. Rc1 Rad8
22. b5 Qb6 23. Bxf6 Rxf6 24. O-O f4 25. exf4 Rd2 26. Rc2 Nxf2 27. Rxd2 Nd3+ 28.
Kh1 Nxb2 29. Rxb2 Qc5 30. Rc2 Qxa3 31. f5 Qa4 32. Bxe6+ Kf8 33. Rc8+ Ke7 34. Rc7+
Kd6 35. Rxg7 Rh6 36. Re1 Rh4 37. Rd7+ Kc5 38. Rd5+ Kb6 39. Rd6+ Kc7 40. Rc6+ Kb8
41. Bd5 Qd4 42. Re8+ Kb7 43. Bf3 Qf4 44. Re7+ Kb8 45. Re8+ Kb7 46. Rc4+ Qxf3 47.
gxf3 Rxc4 48. Kg2 Rc5 49. f6 Rf5 50. Re7+ Kb6 51. f7 h5 52. Kg3 Ka5 53. f4 Rf6
54. Kf3 1-0

[Event "Druzynowe  Mistrzostwa Polski w Szachach - I liga"]
[Site "Poronin-Limba"]
[Date "1899-12-30"]
[Round "6.9"]
[White "Goluch, Piotr"]
[Black "Luch, Michal"]
[Result "0-1"]
[WhiteTitle "FM"]
[BlackTitle "IM"]
[WhiteElo "2275"]
[BlackElo "2383"]

1. Nf3 d5 2. g3 c6 3. Bg2 Bg4 4. c4 dxc4 5. Na3 Qd5 6. Qc2 Be6 7. e4 Qd3 8. Qxd3
cxd3 9. Ne5 Na6 10. Nxd3 Rd8 11. Nf4 Bc8 12. d4 Rxd4 13. Be3 Rd8 14. Ke2 b6 15.
e5 Nb4 16. Bd2 Ba6+ 17. Ke1 e6 18. Rc1 g5 19. Nh5 Nd3+ 20. Kd1 Nxb2+ 21. Kc2 Bxa3
22. Bxc6+ Kf8 23. Bxg5 Rc8 24. Kb3 Nc4 25. Rcd1 Be7 26. Bxe7+ Nxe7 27. Bd7 Ra8
28. Nf6 Nxe5 29. f4 Nd3 0-1

[Event "Druzynowe  Mistrzostwa Polski w Szachach - I liga"]
[Site "Poronin-Limba"]
[Date "1899-12-30"]
[Round "6.10"]
[White "Przezdziecka, Ewa"]
[Black "Krupa, Monika"]
[Result "1/2-1/2"]
[WhiteTitle "WFM"]
[BlackTitle "WGM"]
[WhiteElo "2183"]
[BlackElo "2230"]

1. d4 Nf6 2. c4 e6 3. Nc3 Bb4 4. Qc2 O-O 5. a3 Bxc3+ 6. Qxc3 Ne4 7. Qc2 f5 8. Nh3
d6 9. f3 Nf6 10. e3 c5 11. b4 e5 12. dxe5 dxe5 13. Be2 f4 14. Nf2 Nc6 15. O-O
cxb4 16. exf4 Nd4 17. Qb2 bxa3 18. Rxa3 exf4 19. Bxf4 Qb6 20. Qa2 Nxe2+ 21. Qxe2
Bf5 22. Qe3 Qxe3 23. Bxe3 a6 24. Rb3 Rf7 25. Nd3 Nd7 26. Bd4 Rc8 27. Nb2 Nc5 28.
Re3 Rd7 29. Bc3 Nd3 30. Rd1 Nxb2 31. Rxd7 Bxd7 32. Bxb2 Rxc4 33. Re7 Bc6 34. Rxg7+
Kf8 35. Rxh7 a5 36. h4 b5 37. h5 Rc2 38. Be5 Re2 39. Bd4 Rd2 40. Bc5+ Kg8 41.
Rc7 Bd7 42. Bb6 a4 43. Bc5 Rd5 44. Ba3 Rd3 45. Bc5 Rd5 46. Ba3 Rd3 47. Bc5 Rd5
1/2-1/2

[Event "Druzynowe  Mistrzostwa Polski w Szachach - I liga"]
[Site "Poronin-Limba"]
[Date "1899-12-30"]
[Round "6.11"]
[White "Hnydiuk, Aleksander"]
[Black "Lubczynski, Rafal"]
[Result "1/2-1/2"]
[WhiteTitle "IM"]
[BlackTitle "IM"]
[WhiteElo "2409"]
[BlackElo "2418"]

1. Nf3 d5 2. d4 Nf6 3. c4 c6 4. e3 a6 5. Nbd2 Bf5 6. Nh4 Bg4 7. Qc2 e6 8. h3 Bh5
9. g4 Bg6 10. Nxg6 hxg6 11. Bg2 Bd6 12. e4 dxe4 13. Nxe4 Nxe4 14. Bxe4 Bb4+ 15.
Bd2 Qa5 16. O-O-O Bxd2+ 17. Rxd2 Qxa2 18. Qc3 b5 19. d5 Qxc4 20. Qxc4 bxc4 21.
dxe6 fxe6 22. Bxg6+ Ke7 23. Be4 Ra7 24. Rc2 c5 25. Rxc4 Nd7 26. f4 Rc7 27. Rc3
Nf6 28. Re1 Kf7 29. Bb1 Nd5 30. Rf3 g6 31. Re5 Kf6 32. g5+ Kf7 33. f5 gxf5 34.
Bxf5 exf5 35. Rxd5 Kg6 36. Rfxf5 Rxh3 37. Rxc5 Rxc5+ 38. Rxc5 Rg3 39. Kd2 Kf7
40. Re5 Kg6 41. Ra5 Kf7 42. Rxa6 Rxg5 43. Rd6 Ke7 44. Rd4 Rc5 45. Kd3 Ke6 46.
Rc4 Rb5 47. b4 Kd6 48. Kc3 Rb6 49. Kb3 Rc6 1/2-1/2

[Event "Druzynowe  Mistrzostwa Polski w Szachach - I liga"]
[Site "Poronin-Limba"]
[Date "1899-12-30"]
[Round "6.12"]
[White "Chojnacki, Krzysztof"]
[Black "Plat, Vojtech"]
[Result "1/2-1/2"]
[WhiteTitle "IM"]
[BlackTitle "GM"]
[WhiteElo "2364"]
[BlackElo "2539"]

1. d4 Nf6 2. c4 g6 3. Nc3 d5 4. cxd5 Nxd5 5. e4 Nxc3 6. bxc3 Bg7 7. Nf3 c5 8. Be3
Nc6 9. Be2 Bg4 10. e5 cxd4 11. cxd4 Qa5+ 12. Qd2 Qxd2+ 13. Nxd2 Be6 14. Bf3 Rd8
15. Bxc6+ bxc6 16. Nb3 Rb8 17. O-O O-O 18. Nc5 Bf5 19. Rfc1 f6 20. e6 Rb2 21.
Rc4 Rfb8 22. h3 a5 23. Rac1 h5 24. Ra4 R8b5 25. Rc3 Bb1 26. Rca3 Re2 27. Kf1 Rc2
28. Rxa5 Rxa5 29. Rxa5 Rxa2 30. Rxa2 Bxa2 31. g4 f5 32. gxf5 gxf5 33. Bg5 Kf8
34. Nd7+ Ke8 35. Ne5 c5 36. f4 cxd4 37. Ke2 Bxe6 38. Kd3 Bd5 39. Kxd4 Bg2 40.
h4 Kd8 41. Ke3 Be4 42. Kd2 Bb1 43. Ke3 Bc2 44. Kd2 Ba4 45. Ke3 Be8 46. Kd3 Bf8
47. Kc4 Bg7 1/2-1/2

[Event "Druzynowe  Mistrzostwa Polski w Szachach - I liga"]
[Site "Poronin-Limba"]
[Date "1899-12-30"]
[Round "6.13"]
[White "Nguyen, Piotr"]
[Black "Musialkiewicz, Jan"]
[Result "1/2-1/2"]
[WhiteTitle "IM"]
[BlackTitle "k+"]
[WhiteElo "2409"]
[BlackElo "2266"]

1. c4 c5 2. Nf3 Nc6 3. d4 cxd4 4. Nxd4 Nf6 5. Nc3 e6 6. g3 Qb6 7. Nb3 Ne5 8. e4
Bb4 9. Qe2 d6 10. f4 Nc6 11. Bg2 e5 12. Bd2 O-O 13. Nd5 Nxd5 14. exd5 Bxd2+ 15.
Qxd2 Nb4 16. a3 Nxd5 17. Bxd5 Qxb3 18. O-O Be6 19. Bxe6 fxe6 20. Qxd6 exf4 21.
Qxe6+ Kh8 22. Rxf4 Rxf4 23. gxf4 Qxb2 24. Re1 Qxa3 25. Qf7 Qc5+ 26. Kg2 Rf8 27.
Qxb7 Qxc4 28. Qxa7 Qxf4 29. Qe3 Qf5 30. Qe4 Qf6 31. Kh1 h6 32. Rg1 Rd8 33. Re1
Rf8 34. Rg1 Rb8 35. Re1 Qf8 36. Qc6 Rc8 37. Qe4 Rd8 38. Qc6 Qf7 39. Qe4 Rf8 40.
Rg1 Qc7 41. Re1 Qd6 42. Ra1 Qf6 1/2-1/2

[Event "Druzynowe  Mistrzostwa Polski w Szachach - I liga"]
[Site "Poronin-Limba"]
[Date "1899-12-30"]
[Round "6.14"]
[White "Musialkiewicz, Pawel"]
[Black "Wcislo, Damian"]
[Result "0-1"]
[WhiteTitle "FM"]
[BlackTitle "k+"]
[WhiteElo "2266"]
[BlackElo "2403"]

1. d4 f5 2. Nf3 Nf6 3. g3 g6 4. Bg2 Bg7 5. O-O O-O 6. b3 d6 7. Bb2 c6 8. c4 Na6
9. Nbd2 e5 10. dxe5 Ng4 11. Ba3 Nxe5 12. Rc1 Nf7 13. Nb1 Nc5 14. Qc2 Qf6 15. e3
g5 16. h4 g4 17. Ne1 Ne5 18. Nc3 Be6 19. Ne2 a5 20. Nf4 Bf7 21. Ned3 Ne4 22. Rfd1
Rfd8 23. Bb2 Qe7 24. Bd4 a4 25. Nb2 axb3 26. axb3 c5 27. Bxe4 cxd4 28. Bxf5 dxe3
29. Nbd3 Nf3+ 30. Kg2 Nd4 31. Bxh7+ Kxh7 32. Qb1 Qe4+ 33. Kg1 e2 0-1

[Event "Druzynowe  Mistrzostwa Polski w Szachach - I liga"]
[Site "Poronin-Limba"]
[Date "1899-12-30"]
[Round "6.15"]
[White "Kowalczyk, Pawel"]
[Black "Bardeli, Lukasz"]
[Result "1-0"]
[WhiteTitle "k+"]
[BlackTitle "FM"]
[WhiteElo "2330"]
[BlackElo "2188"]

1. e4 c5 2. Ne2 Nc6 3. Nbc3 Nf6 4. d4 cxd4 5. Nxd4 d6 6. Be2 e5 7. Nb3 Be6 8. f4
exf4 9. Bxf4 Be7 10. O-O O-O 11. Kh1 Rc8 12. Nd4 Nxd4 13. Qxd4 a6 14. Rad1 Rc6
15. Bf3 Qa5 16. Qd2 Kh8 17. e5 dxe5 18. Bxc6 bxc6 19. Bg5 Qb4 20. Bxf6 gxf6 21.
Qh6 Rg8 22. Rde1 Qxb2 23. Ne4 Rg6 24. Qe3 Bd5 25. Rf2 Qxa2 26. Qa7 Qa3 27. Rf3
Qa5 28. c3 Bxe4 29. Rxe4 Qa2 30. Qf2 Qd5 31. Qe2 a5 32. Rd3 Qe6 33. Ra4 Kg7 34.
Rxa5 Qb3 35. Rf3 Qb6 36. Ra6 Qc5 37. Qe4 Qd6 38. Rf1 f5 39. Qxf5 Qd5 40. Qf2 Bc5
41. Qe2 e4 42. Ra4 f5 43. Raa1 Qe5 44. Qh5 e3 45. Qxf5 Qxf5 46. Rxf5 Rd6 47. Re5
Kf6 48. Re8 Rd2 49. g3 Rc2 50. Rf1+ Kg7 51. Re6 Bb6 52. Rb1 Bc5 53. Rb7+ Kf8 54.
Rxc6 Be7 55. Rc8+ Kf7 56. Rcc7 e2 57. Rxe7+ Kf6 58. Kg1 1-0

[Event "Druzynowe  Mistrzostwa Polski w Szachach - I liga"]
[Site "Poronin-Limba"]
[Date "1899-12-30"]
[Round "6.16"]
[White "Szelag, Zuzanna"]
[Black "Majdan, Joanna"]
[Result "0-1"]
[WhiteTitle "I++"]
[BlackTitle "WGM"]
[WhiteElo "1835"]
[BlackElo "2361"]

1. e4 c5 2. Nf3 Nc6 3. d4 cxd4 4. Nxd4 Qb6 5. Nb3 Nf6 6. Bd3 e6 7. Nc3 d6 8. Be3
Qc7 9. O-O Be7 10. f4 a6 11. a4 b6 12. Qf3 Bb7 13. Qg3 g6 14. Qf2 Nd7 15. f5 gxf5
16. exf5 Nce5 17. fxe6 fxe6 18. Ne4 Rg8 19. Bd4 O-O-O 20. a5 b5 21. Bb6 Qb8 22.
Bxd8 Bxd8 23. Qd2 Bd5 24. Qc3+ Kb7 25. Qb4 Ka8 26. Rf2 Bc7 27. Nd4 Ng4 28. Re2
Nc5 29. Nf3 Qb7 30. Rf1 Bb8 31. Kh1 Qg7 32. Nxc5 dxc5 33. Qxc5 Nxh2 34. Qd4 Nxf1
35. Qxg7 Rxg7 36. Re1 Ng3+ 37. Kg1 Kb7 38. Ne5 Bxe5 39. Rxe5 Kc6 40. b4 Kd6 41.
Re1 Nf5 42. Bf1 Nd4 0-1

[Event "Druzynowe  Mistrzostwa Polski w Szachach - I liga"]
[Site "Poronin-Limba"]
[Date "1899-12-30"]
[Round "6.18"]
[White "Sopur, Lech"]
[Black "Krainski, Aleksander"]
[Result "1-0"]
[WhiteTitle "m"]
[BlackTitle "FM"]
[WhiteElo "2394"]
[BlackElo "2192"]

1. Nf3 d5 2. g3 e6 3. Bg2 g6 4. d4 Bg7 5. c4 Ne7 6. O-O O-O 7. Qc2 Nbc6 8. Rd1
b6 9. cxd5 exd5 10. Bf4 Bf5 11. Qa4 Qd7 12. Nc3 a6 13. Rd2 f6 14. e4 b5 15. Qd1
Bxe4 16. Nxe4 dxe4 17. d5 Ne5 18. Bxe5 fxe5 19. Ng5 e3 20. fxe3 Nf5 21. d6 c6
22. Qb3+ Kh8 23. Ne6 Rf6 24. Nc5 Qa7 25. d7 Rd8 26. Rc1 Bh6 27. Rd3 Rd6 28. Rxd6
Bxe3+ 29. Kh1 Bxc5 30. Rxc6 Nd4 31. Qf7 1-0